02482nam a22003375i 450000100090000000300090000900500170001800800410003502000180007604000330009408200190012710000490014624501150019525000190031026400480032926400100037730000400038733600260042733700280045333800270048150000210050852012570052965000400178665000310182665300270185765500170188490600450190194200120194699900170195895201690197521764958EG-ScBUE20230925095458.0201021t2020 caua f 001 0 eng d a9781624650536 aDLCbengerdacDLCdEG-ScBUE04222a741.2bMAT1 aMateu-Mestre, Marcos,eauthor,eillustrator.10aFramed ink :bframe format, energy, and composition for visual storytellers.nvolume 2 /cMarcos Mateu-Mestre. aFirst edition. 1aLos Angeles :bDesign Studio Press,c[2020] 4cc2020 a127 pages :billustrations ;c28 cm atextbtxt2rdacontent aunmediatedbn2rdamedia avolumebnc2rdacarrier aIncludes index.  a"The highly anticipated follow-up to Framed Ink from Marcos Mateu-Mestre, Framed Ink 2 provides insight into another compositional tool that Marcos uses every day to create his amazing artwork-the energy within the working frame. In each piece of art, regardless of its format, one must consider essential factors such as the push-pull, tension-relaxation, pressure-release, balance and imbalance that happen inside the working area to support our storytelling. All of these factors apply in any aspect ratio, whether it be horizontal, vertical or square, each a format to consider when working in the movie, gaming, animation and graphic novel industries, which in our day and age can be presented through a variety of outlets such as a movie theater, home theater, social media and a number of personal devices. Marcos encourages and educates us on how not to be limited by the format but to embrace and rise to the challenge of designing for each format. A perfect accompaniment to his prior releases Framed Ink, Framed Perspective Vol. 1 and Vol. 2 and Framed Drawing Techniques, this book will take a reader's knowledge base to the next level and allow them to build on their expertise as an effective visual storyteller"--cProvided by publisher. 72BUEshaDrawingxStudy and teaching. 72BUEshaDrawingxTechnique. cSeptember2023bART2IA vReading book a0bibccorignewd2eepcnf20gy-gencatlg 2ddccBB c30572d30543 00102ddc40708BaccahaMAINbMAINc2NDd2023-09-25ePurchaseg953.00h37687l3m39o741.2 MATp000056905r2026-01-06 00:00:00s2025-03-09v1191.25w2023-09-25yBB